<?xml version="1.0" encoding="UTF-8"?>
<record
    xmlns:xsi="http://www.w3.org/2001/XMLSchema-instance"
    xsi:schemaLocation="http://www.loc.gov/MARC21/slim http://www.loc.gov/standards/marcxml/schema/MARC21slim.xsd"
    xmlns="http://www.loc.gov/MARC21/slim">

  <leader>01756nam a22002657a 4500</leader>
  <datafield tag="999" ind1=" " ind2=" ">
    <subfield code="c">22216</subfield>
    <subfield code="d">22216</subfield>
  </datafield>
  <controlfield tag="003">AR-CdUCM</controlfield>
  <controlfield tag="008">190425b           ||||| |||| 00| 0 spa d</controlfield>
  <datafield tag="040" ind1=" " ind2=" ">
    <subfield code="a">MUNICIPALIDAD PROVINCIAL DEL CUSCO</subfield>
    <subfield code="c">BIBLIOTECA MUNICIPAL DEL CUSCO</subfield>
  </datafield>
  <datafield tag="082" ind1=" " ind2=" ">
    <subfield code="a">Qollana/N&#xB0;5/1997</subfield>
  </datafield>
  <datafield tag="245" ind1=" " ind2=" ">
    <subfield code="a">Qollana :</subfield>
    <subfield code="b">revista de Antropolog&#xED;a /</subfield>
    <subfield code="c">Julio Edmundo Olivera L, Director</subfield>
  </datafield>
  <datafield tag="260" ind1=" " ind2=" ">
    <subfield code="a">Cusco.</subfield>
    <subfield code="b">Qollana,</subfield>
    <subfield code="c">1997.</subfield>
  </datafield>
  <datafield tag="300" ind1=" " ind2=" ">
    <subfield code="a">60 p&#xE1;ginas. :</subfield>
    <subfield code="b">ilustraciones ;</subfield>
    <subfield code="c">30 cm.</subfield>
  </datafield>
  <datafield tag="440" ind1=" " ind2=" ">
    <subfield code="a">Qollana.</subfield>
    <subfield code="n">A&#xF1;o5,N&#xB0;5, octubre,  noviembre 1997.</subfield>
    <subfield code="9">47664</subfield>
  </datafield>
  <datafield tag="505" ind1=" " ind2=" ">
    <subfield code="a">Contenido: Qosqo testimonio de la Historia. -- Historia de las artes cusque&#xF1;as. -- Arte popular cusque&#xF1;o. -- La identidad como construcci&#xF3;n. -- Cusco y la poes&#xED;a. -- Origen o procedencia y actual existencia de los gobernantes cusque&#xF1;os. -- Don Faustino Espinoza N. -- Museo Inka del Cusco. -- La chicha en el Inti Raymi. -- A prop&#xF3;sito del Escudo del Cusco. -- Cielo Serrano. -- Museo Inka. -- La vivienda en la tecnolog&#xED;a Machiguenga. -- Hablando de endoculturaci&#xF3;n. -- Reflexiones del trabajo con mujeres campesinas y el programa de cr&#xE9;dito. -- A quien beneficia el Ecodesarrollo. -- Desarrollo y Post Guerra. -- Relaciones socio econ&#xF3;micas de la calle Marques del Cusco. -- Patr&#xF3;n Santiago antiguo Dios de los Incas. -- Disco Echenique o Escudo del Cusco. -- No es Inka no es sol...tampoco es del Cuzco. -- A prop&#xF3;sito del Escudo del Cusco.</subfield>
  </datafield>
  <datafield tag="650" ind1=" " ind2=" ">
    <subfield code="a">Cultura andina</subfield>
    <subfield code="9">47570</subfield>
  </datafield>
  <datafield tag="650" ind1=" " ind2=" ">
    <subfield code="a">Arquitectura Inka</subfield>
    <subfield code="9">45226</subfield>
  </datafield>
  <datafield tag="650" ind1=" " ind2=" ">
    <subfield code="a">Arqueolog&#xED;a cusque&#xF1;a</subfield>
    <subfield code="9">9322</subfield>
  </datafield>
  <datafield tag="650" ind1=" " ind2=" ">
    <subfield code="a">Siglo XX</subfield>
    <subfield code="9">47561</subfield>
  </datafield>
  <datafield tag="700" ind1=" " ind2=" ">
    <subfield code="a">Flores Ochoa, Jorge</subfield>
    <subfield code="9">2915</subfield>
  </datafield>
  <datafield tag="700" ind1=" " ind2=" ">
    <subfield code="a">Roca Wallparimachi, Demetrio</subfield>
    <subfield code="9">6182</subfield>
  </datafield>
  <datafield tag="700" ind1=" " ind2=" ">
    <subfield code="a">Calvo Calvo, Rossano</subfield>
    <subfield code="9">44156</subfield>
  </datafield>
  <datafield tag="700" ind1=" " ind2=" ">
    <subfield code="a">Barreda Murillo, Luis</subfield>
    <subfield code="9">31369</subfield>
  </datafield>
  <datafield tag="942" ind1=" " ind2=" ">
    <subfield code="2">ddc</subfield>
    <subfield code="c">PP</subfield>
  </datafield>
  <datafield tag="945" ind1=" " ind2=" ">
    <subfield code="a">rac</subfield>
  </datafield>
  <datafield tag="952" ind1=" " ind2=" ">
    <subfield code="0">0</subfield>
    <subfield code="2">ddc</subfield>
    <subfield code="4">0</subfield>
    <subfield code="7">0</subfield>
    <subfield code="a">HEM</subfield>
    <subfield code="b">HEM</subfield>
    <subfield code="c">CART</subfield>
    <subfield code="d">2022-03-25</subfield>
    <subfield code="g">5.00</subfield>
    <subfield code="o">Qollana/N&#xB0;5/1997</subfield>
    <subfield code="p">REVC000867</subfield>
    <subfield code="r">2022-03-25</subfield>
    <subfield code="y">PP</subfield>
  </datafield>
</record>
